000 00365 a2200157 4500
001 70506
020 _a9788572087131
040 _cAnchieta - Itaigara
100 _aAzevado, Ricardo
240 1 0 _aO leão da noite estrelada
_lpor
245 1 0 _aO leão da noite estrelada
300 _a79
362 0 _a2011
650 4 _aLiteratura infanto-juvenil
942 _cBK
999 _c70506
_d70506